Code Louis
Uloženo v:
| Médium: | Kniha |
|---|---|
| Jazyk: | italština |
| Vydáno: |
Milán
Giuffrè
1996
|
| Edice: | Testi e Documenti per la Storia del Processo, 1
|
| Témata: | |
| Tagy: |
Přidat tag
Žádné tagy, Buďte první, kdo vytvoří štítek k tomuto záznamu!
|
MARC
| LEADER | 00000nam a2200000 a 4500 | ||
|---|---|---|---|
| 001 | UCN4456 | ||
| 003 | CL-VaPUC | ||
| 008 | 010803e19960000IT |||||||||||||||||ita|d | ||
| 082 | 0 | 4 | |a 345.45 |b COD |2 21 |
| 245 | 1 | 0 | |a Code Louis |
| 300 | |a v | ||
| 942 | |c BK | ||
| 945 | |d 20010803 00:00:00 |a cmena | ||
| 260 | |a Milán |b Giuffrè |c 1996 | ||
| 500 | |a v.1: Ordonnance civile, 1667 | ||
| 500 | |a v.2: Ordonnance criminelle, 1670 | ||
| 650 | 7 | |a DERECHO PENAL ITALIANO |2 CL-VaPUC |9 439478 | |
| 650 | 0 | |a Código penal |9 255935 | |
| 650 | 7 | |a CODIGO DE PROCEDIMIENTO PENAL |2 CL-VaPUC |9 256474 | |
| 650 | 7 | |a HISTORIA DEL DERECHO ITALIANO |2 CL-VaPUC |9 460899 | |
| 583 | |a last modification |c 20010803 00:00:00 |k Rodrigo Vera | ||
| 490 | 0 | |a Testi e Documenti per la Storia del Processo, 1 | |
| 999 | |c 296698 |d 296696 | ||
| 952 | |0 0 |1 0 |4 0 |6 345_450000000000000_COD_1996 |7 0 |8 DER_HIS |9 350730 |a BIBDER |b BIBDER |d 2019-11-20 |h v.2 |i 3712044 |l 1 |o 345.45 COD 1996 |p 3712044 |r 2023-01-25 |s 2020-03-19 |w 2019-11-20 |x Ubicación 4to Piso |y BK |z Estos recursos deben solicitarse con anticipación |k DER | ||
| 952 | |0 0 |1 0 |4 0 |6 345_450000000000000_COD_1996 |7 0 |8 DER_HIS |9 350731 |a BIBDER |b BIBDER |d 2019-11-20 |h v.1 |i 3712028 |l 1 |o 345.45 COD 1996 |p 3712028 |r 2023-01-25 |s 2020-03-19 |w 2019-11-20 |x Ubicación 4to Piso |y BK |z Estos recursos deben solicitarse con anticipación |k DER | ||